Science Quiz

Random Science or Math Quiz

Powers of 2 Quiz Stats

 Plays Quiz Updated Mar 17, 2020

     
Support Sporcle.
Go Orange.
Score 0/33 Timer 03:00
7 Plays Today
2^_ Answer % Correct
24
99.4%
12
98.6%
416
96.8%
38
95.9%
532
94.4%
664
94.1%
7128
93.2%
01
92.4%
8256
91.9%
9512
90.3%
101024
90%
112048
89.5%
124096
88.4%
138192
84%
1416384
77.8%
1532768
73.1%
1665536
63.8%
2^_ Answer % Correct
17131072
53.1%
18262144
50.5%
19524288
46.7%
201048576
40%
212097152
32%
224194304
26.7%
238388608
23.3%
2416777216
18%
2533554432
13.7%
2667108864
11.7%
27134217728
9.3%
28268435456
7.4%
29536870912
5.7%
301073741824
4.5%
312147483648
3.6%
324294967296
2.8%

From the Vault

International Footballers: Ace the Argentines

by Horgems

Sports 3m
If you don't know your sports trivia, things could get a little bit messi.
Remove Ads.
Support Sporcle.
Get the best of Sporcle when you Go Orange. This ad-free experience offers more features, more stats, and more fun while also helping to support Sporcle. Thank you for becoming a member.

Show Comments

Extras

Top Quizzes Today


Score Distribution

Your Account Isn't Verified!

In order to create a playlist on Sporcle, you need to verify the email address you used during registration. Go to your Sporcle Settings to finish the process.

Report this User

Report this user for behavior that violates our Community Guidelines.

Details: